Bayonets for hire

Titel: Bayonets for hire : mercenaries at war, 1550 - 1789 / by William Urban
Verfasser:
Veröffentlicht: London : Greenhill ˜[u.a.]œ, 2007
Umfang: 304 S. : Ill., Kt. ; 24cm
Format: Buch
Sprache: Englisch
RVK-Notation:
Schlagworte:
ISBN: 9781853677427
Buchumschlag
X
alg: 19522828
001A    $00034:26-02-08 
001B    $01999:20-08-22 $t19:06:16.000 
001C    $00034:28-04-08 $t13:58:01.000 
001D    $00034:28-04-08 
001U    $0utf8 
001X    $00 
002@    $0Aau 
003@    $0195228286 
003O    $0123114661 $aOCoLC 
004A    $A978-1-85367-742-7 $f (hbk.) : £25.00 
006B    $0b726703 
007A    $0195228286 $aHEB 
007T    $0Herdc0049138m 
009P    $qapplication/pdf $A2 $3Inhaltsverzeichnis $uhttp://scans.hebis.de/HEBCGI/show.pl?19522828_toc.pdf $mV:DE-604 
010@    $aeng 
011@    $a2007 $n2007 
021A    $aBayonets for hire $dmercenaries at war, 1550 - 1789 $hby William Urban 
028A    $#Urban, William $D20220215 $Ecgwrk $71089651147 $8Urban, William L.$Z1939- [Tp3] $9374978905 
033A    $pLondon $nGreenhill {[u.a.] 
034D    $a304 S. 
034I    $a24cm 
034M    $aIll., Kt. 
039U    $8--Aox--Kreem, Juhan. Urban, William. Bayonets for hire. - London : Greenhill {[u.a.]. -  2007 [Rezension], 2008 $9394917324 
044K    $RSoldat $RPrivates Militärunternehmen $#Mercenary troops $#Mercenaires $#Milizie mercenarie $#Mercenari $#Mercenarios $#Söldner $#Solddienst $74055364-4 $8Söldner [Ts1] $9085154083 
044K    $#Abendland $#Okzident $74015701-5 $8Europa [Tgz] $908503617X 
045B    $a355.35409409032 
045B    $a355.354094 $eDDC22oclc 
045F    $a900.94370903 $eDDC23BSB 
045F/01 $a900 
045F/03 $f0903 
045F/03 $g437 
045R    $aGeschichte 1550-1789 
045Z    $8NN 1400 [Tkv] $9410895210 
045Z    $8NW 8290 [Tkv] $9410952990 
046M    $aLiteraturverz. S. 291 - 294 

lok: 19522828 23

exp: 19522828 23 1 #EPN
201B/01 $008-02-17 $t08:22:57.000 
201C/01 $026-02-08 
201U/01 $0utf8 
203@/01 $0525198709 
208@/01 $a28-04-08 $bz 
209A/01 $a35 2008 A 799 $du $f030 $h2008 A 799 $x00 
209G/01 $a24914712 $x00 
209G/01 $aSonderstandort Magazin Oberzwehren $x01 
247C/01 $8352030-4 <34/30>Kassel, UB Kassel, Standort Brüder-Grimm-Platz, Landesbibliothek und Murhardsche Bibliothek der Stadt Kassel $9102599475 

lok: 19522828 78

exp: 19522828 78 1 #EPN
201B/01 $019-04-17 $t14:52:04.000 
201U/01 $0utf8 
203@/01 $0791862593 
208@/01 $a12-11-16 $be 
209A/01 $a/ $f000 $x00 
220C/01 $aTitelaufnehmer: nk;tn 
220C/01 $aHerkunft: HI Marburg 
220C/01 $aAnmerkung: *ng 
244Z/01 $2Trx $#Kesk- ja Ida- Euroopa kontseptsioonid $#Vidurio Europos koncepcijos $#East-Central Europe $#Keletközépeurópa-eszmék $#Europa Środkowo-Wschodnia koncepcje $#Európa stredovýchodná koncepcie $#Evropa střední, východní část koncepce $#Mitteleuropa $#Osteuropakonzeptionen $#Europa Środkowa koncepcje $#Stredná Európa koncepcie $#Střední Europa koncepce $8--Trx--Ostmitteleuropakonzeptionen $x01 $9391364286 
244Z/01 $aGeschichte 1550-1789 $x02 
244Z/01 $2Trx $#sõda, 30-aastane 1618- 1648 $#Trisdešimties metų karas 1618-1648 $#War, Thirty Years' 1618-1648 $#Harmincéves háború 1618-1648 $#wojna trzydziestoletnia 1618-1648 $#vojna tridsaťročná 1618-1648 $#válka třicetiletá 1618-1648 $8--Trx--Krieg, Dreißigjähriger$g1618-1648 $x03 $9391373382 
244Z/01 $2Trx $#sõda, Suur Põhja 1700- 1721 $#Šiaurės karas 1700-1721 $#War, Great Northern 1700-1721 $#Nagy északi háború 1700-1721 $#wojna północna 1700-1721 $#vojna severná 1700-1721 $#válka severní 1700-1721 $#Krieg, Zweiter Nordischer 1700-1721 $#Krieg, Nordischer $#vojna druhá severná 1700-1721 $#vojna severná $8--Trx--Krieg, Großer Nordischer$g1700-1721 $x04 $9391375016 
244Z/01 $2Trx $#sõda, Põhja seitsmeaastane 1563- 1570 $#Septynerių metų šiaurės karas 1563-1570 $#Northern Seven Year's War 1558-1583 $#háború, Északi hétéves 1563-1570 $#wojna siedmioletnia północna 1563-1570 $#vojna sedemročná severná 1563-1570 $#válka sedmiletá severská 1563-1570 $#Dreikronenkrieg $8--Trx--Krieg, Nordischer Siebenjähriger$g1563-1570 $x05 $9391361511 
244Z/01 $2Trx $#palgasõdurid $#samdomi kareiviai $#mercenaries $#zsoldosok $#najemnicy $#žoldnieri $#žoldnéři $8--Trx--Söldner $x06 $9391361430 
244Z/01 $2Trx $#kirjeldused regioonid, maad $#regionų ir kraštų istorija $#overview regions/countries $#ábrázolások, átfogó vidékek, országok $#regiony i kraje ogólnie $#dejiny, všeobecné prehľady regióny/krajiny $#dějiny, obecné přehledy regiony/země $#Regionalgeschichte $#Regionen $#Länder $#dejiny krajské $#dejiny regionálne $8--Trx--Darstellungen, übergreifende$gRegionen/Länder $x07 $9391373188 
244Z/01 $2Trx $8--Trx--Monographie $x08 $9391384546 
245Z/01 $a06.03.01 $x01 
247C/01 $82080>Marburg/Lahn, Herder-Institut, Forschungsbibliothek, Bibliographieportal $9336309341
LEADER 00000cam a2200000 c 4500
001 195228286
003 DE-603
005 20220820190616.0
007 tu
008 080226s2007 xx |||| | u00||u|eng c
020 |a 9781853677427  |c  (hbk.) : £25.00 
035 |a (DE-599)HEB195228286 
035 |a (OCoLC)123114661 
040 |a DE-603  |b ger  |c DE-603  |d DE-603 
041 |a eng 
082 0 4 |8 1\u  |a 900.94370903  |q DE-101  |2 23/BSB 
083 7 |a 355.35409409032 
083 7 |a 355.354094  |2 22/oclc 
084 |a NN 1400  |0 (DE-625)126552:  |0 (DE-603)410895210  |2 rvk 
084 |a NW 8290  |0 (DE-625)132312:  |0 (DE-603)410952990  |2 rvk 
085 |8 1\u  |b 900 
085 |8 1\u  |z 1  |s 0903 
085 |8 1\u  |z 2  |s 437 
100 1 |a Urban, William L.  |d 1939-  |0 (DE-603)374978905  |0 (DE-588)1089651147  |2 gnd 
245 0 0 |a Bayonets for hire  |b mercenaries at war, 1550 - 1789  |c by William Urban 
264 1 |a London  |b Greenhill ˜[u.a.]œ  |c 2007 
300 |a 304 S.  |b Ill., Kt.  |c 24cm 
504 |a Literaturverz. S. 291 - 294 
648 7 |a Geschichte 1550-1789  |2 gnd 
650 7 |a Söldner  |0 (DE-588)4055364-4  |0 (DE-603)085154083  |2 gnd 
651 7 |a Europa  |0 (DE-588)4015701-5  |0 (DE-603)08503617X  |2 gnd 
787 0 8 |i Rezensiert in  |a Kreem, Juhan  |t Urban, William. Bayonets for hire. - London : Greenhill ˜[u.a.]. œ- 2007 [Rezension]  |w (DE-603)394917324 
856 4 2 |m V:DE-604  |q application/pdf  |u http://scans.hebis.de/HEBCGI/show.pl?19522828_toc.pdf  |3 Inhaltsverzeichnis 
924 0 |9 34/30  |a (DE-603)525198709  |b DE-34-30  |c HES  |d c  |g 35 2008 A 799  |h Sonderstandort Magazin Oberzwehren 
924 0 |9 2080  |a (DE-603)791862593  |b DE-2080  |c HES  |d d  |g /